[Event "II. CLANSKA LIGA ZAHOD 2023"]
[Site "Komenda"]
[Date "2023.11.18"]
[Round "2.6"]
[White "Perme, Lojze"]
[Black "Bajec, Borut"]
[Result "0-1"]
[WhiteElo "1053"]
[BlackElo "1714"]
[PlyCount "56"]
[EventDate "2023.11.18"]
[WhiteTeam "SK KOMENDA"]
[BlackTeam "SK TRZIN"]

1. e4 c5 2. Nf3 Nc6 3. d4 cxd4 4. Nxd4 d6 5. Nc3 a6 6. Bc4 e6 7. O-O Nf6 8. f3
Be7 9. Be3 O-O 10. Qd2 Qc7 11. b3 b5 12. Bd3 Bb7 13. a3 Rac8 14. Nce2 Ne5 15.
Rac1 d5 16. exd5 Nxd5 17. b4 Bd6 18. Ng3 Nc4 19. Bxc4 Nxe3 20. Qxe3 Bf4 21. Qf2
Bxc1 22. Bxe6 fxe6 23. Nxe6 Qxc2 24. Qxc2 Rxc2 25. Nxf8 Kxf8 26. Rd1 Be3+ 27.
Kf1 Rc1 28. Rxc1 Bxc1 0-1

[Event "II. CLANSKA LIGA ZAHOD 2023"]
[Site "Komenda"]
[Date "2023.11.18"]
[Round "2.1"]
[White "Markovic, Jelena"]
[Black "Bratovic, Blaz"]
[Result "0-1"]
[WhiteElo "1607"]
[BlackElo "2350"]
[PlyCount "94"]
[EventDate "2023.11.18"]
[WhiteTeam "SD VRHNIKA"]
[BlackTeam "SD GORENJKA LESCE"]

1. d4 e6 2. e4 d5 3. e5 c5 4. c3 Nc6 5. Nf3 Bd7 6. Be2 Nge7 7. O-O Ng6 8. Bd3
cxd4 9. cxd4 Nh4 10. Nbd2 Nf5 11. Bxf5 exf5 12. Nb3 Be7 13. Be3 b6 14. Nc1 g5
15. g3 Rg8 16. Kh1 f4 17. gxf4 gxf4 18. Bxf4 Bg4 19. Nb3 Qd7 20. Bg3 Qf5 21.
Nbd2 h5 22. h4 Kf8 23. Rc1 Rg6 24. a3 Na5 25. Rc3 Rc6 26. Qb1 Qxb1 27. Rxb1
Rxc3 28. bxc3 Rc8 29. Rc1 Bxa3 30. Rc2 Bf5 31. Ra2 Rxc3 32. Bf4 Bc1 33. Ng1 Rc2
34. Rxc2 Bxc2 35. Ne2 Bb2 36. Be3 Nc6 37. Nf3 Be4 38. Kg2 a5 39. Kg3 Bxf3 40.
Kxf3 a4 41. Bc1 Nxd4+ 42. Nxd4 Bxc1 43. Nc2 Bb2 44. Nb4 a3 45. Ke3 Bxe5 46. Kd3
Bd6 47. Na2 Bc5 0-1

[Event "II. CLANSKA LIGA ZAHOD 2023"]
[Site "Komenda"]
[Date "2023.11.18"]
[Round "2.2"]
[White "Mencinger, Vojko"]
[Black "Vodnik, Val"]
[Result "1-0"]
[WhiteElo "2296"]
[BlackElo "1556"]
[PlyCount "97"]
[EventDate "2023.11.18"]
[WhiteTeam "SD GORENJKA LESCE"]
[BlackTeam "SD VRHNIKA"]

1. e4 e5 2. Nf3 Nc6 3. d4 exd4 4. Nxd4 Nf6 5. Nxc6 bxc6 6. e5 Qe7 7. Qe2 Nd5 8.
h4 d6 9. c4 Nb6 10. exd6 cxd6 11. Bg5 f6 12. Qxe7+ Bxe7 13. Be3 d5 14. Nd2 Be6
15. Rc1 Kf7 16. c5 Nd7 17. Ba6 Rab8 18. b3 Ne5 19. a3 Bf5 20. Ke2 Bc8 21. Bxc8
Rhxc8 22. Bd4 Rb5 23. Rh3 Nd7 24. Rhc3 Re8 25. Kf1 Bd8 26. g3 Nf8 27. f4 g6 28.
Kf2 Ne6 29. Nf3 Be7 30. Re1 Nxd4 31. Rxe7+ Rxe7 32. Nxd4 Reb7 33. Nxb5 Rxb5 34.
Ke3 a5 35. Kd4 Rb7 36. Re3 Rd7 37. g4 Rd8 38. b4 axb4 39. axb4 Rb8 40. Rb3 Ke6
41. Rb1 Rb5 42. Kc3 Kf7 43. Ra1 Rb7 44. Ra6 Rc7 45. Kd4 Ke7 46. Rb6 h6 47. b5
Kd7 48. bxc6+ Ke6 49. f5+ 1-0

[Event "II. CLANSKA LIGA ZAHOD 2023"]
[Site "Komenda"]
[Date "2023.11.18"]
[Round "2.3"]
[White "Zlindra, Aljaz"]
[Black "Pavlin, Damijan"]
[Result "0-1"]
[WhiteElo "1376"]
[BlackElo "1926"]
[PlyCount "80"]
[EventDate "2023.11.18"]
[WhiteTeam "SD VRHNIKA"]
[BlackTeam "SD GORENJKA LESCE"]

1. e4 c5 2. Nc3 Nc6 3. Bb5 e6 4. Bxc6 dxc6 5. d3 Nf6 6. f4 Be7 7. Nf3 Qc7 8.
O-O O-O 9. h3 b6 10. Qe1 a5 11. a3 Re8 12. e5 Nd7 13. Ne4 Ba6 14. Qg3 c4 15.
dxc4 Bxc4 16. Re1 Bd5 17. Nfd2 b5 18. b3 b4 19. a4 Kh8 20. Bb2 Qd8 21. Ng5 Bxg5
22. fxg5 Nb6 23. Rad1 Qe7 24. Qf2 Rab8 25. h4 c5 26. Ne4 Bxe4 27. Rxe4 Rbd8 28.
Rf1 Kg8 29. Rf4 Rf8 30. h5 Nd5 31. Rg4 Rc8 32. Qg3 c4 33. Bd4 cxb3 34. cxb3 Nc3
35. Qf2 Qd8 36. Bb6 Qd5 37. Rf4 Qxe5 38. Rxf7 Ne2+ 39. Kh1 Ng3+ 40. Kg1 Nxf1
0-1

[Event "II. CLANSKA LIGA ZAHOD 2023"]
[Site "Komenda"]
[Date "2023.11.18"]
[Round "2.4"]
[White "Kocjancic, Luka"]
[Black "Sever, Gasper"]
[Result "1-0"]
[WhiteElo "1288"]
[BlackElo "1406"]
[PlyCount "113"]
[EventDate "2023.11.18"]
[WhiteTeam "SD GORENJKA LESCE"]
[BlackTeam "SD VRHNIKA"]

1. d4 Nf6 2. c4 e5 3. d5 Bc5 4. Nc3 d6 5. e3 e4 6. Qc2 Qe7 7. Nge2 O-O 8. Ng3
Re8 9. a3 a5 10. b3 c6 11. Bb2 Nbd7 12. Be2 cxd5 13. cxd5 Nb6 14. Bb5 Bd7 15.
Bxd7 Nfxd7 16. Ngxe4 Rac8 17. Nxc5 Rxc5 18. Qd1 Qg5 19. O-O Nxd5 20. Nxd5 Rxd5
21. Qc2 Rc5 22. Qd3 Re6 23. Rfc1 h5 24. b4 Rg6 25. g3 Rd5 26. Rc8+ Kh7 27. Qe4
Nb6 28. Rb8 Nd7 29. Rxb7 Re5 30. Bxe5 Nxe5 31. Qf4 Qd8 32. Qf5 Kh6 33. Qf4+ Kh7
34. bxa5 Qxa5 35. Qb4 Qd5 36. e4 Qd3 37. Qb1 Qf3 38. Rb3 Qg4 39. Qd1 Qxe4 40.
Qxh5+ Rh6 41. Qd1 Rf6 42. Qb1 Nf3+ 43. Rxf3 Qxb1+ 44. Rxb1 Rxf3 45. Ra1 Rf5 46.
a4 Ra5 47. f4 Kg6 48. Kf2 Kf5 49. Kf3 f6 50. g4+ Ke6 51. Ke4 g5 52. f5+ Kd7 53.
Kd4 Kc6 54. Kc4 d5+ 55. Kb4 Kb6 56. Re1 Rc5 57. a5+ 1-0

[Event "II. CLANSKA LIGA ZAHOD 2023"]
[Site "Komenda"]
[Date "2023.11.18"]
[Round "2.5"]
[White "Kobal, Peter"]
[Black "Primozic, Lovro"]
[Result "0-1"]
[WhiteElo "2047"]
[BlackElo "1354"]
[PlyCount "84"]
[EventDate "2023.11.18"]
[WhiteTeam "SD VRHNIKA"]
[BlackTeam "SD GORENJKA LESCE"]

1. e4 e5 2. f4 exf4 3. Nf3 d6 4. Bc4 Be6 5. Bxe6 fxe6 6. d4 Nf6 7. Nc3 Be7 8.
Bxf4 O-O 9. Qd2 Qd7 10. O-O-O b5 11. Rhe1 d5 12. Ne5 Qe8 13. exd5 b4 14. Ne2
exd5 15. Ng3 Qa4 16. Kb1 Bd6 17. Bg5 Nbd7 18. Re2 c5 19. Nxd7 Qxd7 20. Bxf6
Rxf6 21. dxc5 Bxg3 22. hxg3 Rc8 23. Qxb4 Rfc6 24. Qf4 Rxc5 25. c3 h6 26. Rde1
Qb5 27. Re7 Qd3+ 28. Ka1 Rf8 29. Qe5 Qg6 30. Rxa7 Rcc8 31. Qxd5+ Kh8 32. a4
Qxg3 33. Qd2 Rfd8 34. Qe3 Qb8 35. Re7 Qa8 36. Qe4 Qa6 37. g4 Ra8 38. b3 Qb6 39.
Qf5 Rg8 40. Ka2 Qc6 41. R1e4 Rad8 42. g5 Rb8 0-1

[Event "II. CLANSKA LIGA ZAHOD 2023"]
[Site "Komenda"]
[Date "2023.11.18"]
[Round "2.6"]
[White "Kelbl, Jakob"]
[Black "Petek, Val"]
[Result "1-0"]
[WhiteElo "1500"]
[BlackElo "1000"]
[PlyCount "55"]
[EventDate "2023.11.18"]
[WhiteTeam "SD GORENJKA LESCE"]
[BlackTeam "SD VRHNIKA"]

1. e4 e5 2. Nf3 d6 3. Bc4 Be7 4. d4 Nd7 5. dxe5 Nxe5 6. Nxe5 dxe5 7. Qh5 Bb4+
8. c3 Qe7 9. cxb4 Nf6 10. Qe2 Qxb4+ 11. Nc3 O-O 12. O-O c6 13. a3 Qb6 14. Be3
Qc7 15. Rfd1 Ng4 16. f3 Nxe3 17. Qxe3 Kh8 18. Qd3 f5 19. Qd6 Qb6+ 20. Kh1 Bd7
21. Qxd7 Rad8 22. Qe7 Rde8 23. Qb4 Qf2 24. Rf1 Qd2 25. Rad1 Qh6 26. Rd7 b5 27.
Rf7 Rg8 28. Bb3 1-0

[Event "II. CLANSKA LIGA ZAHOD 2023"]
[Site "Komenda"]
[Date "2023.11.18"]
[Round "2.1"]
[White "Zamar Kodelja, Jurij"]
[Black "Pretnar, Bostjan"]
[Result "1-0"]
[WhiteElo "2245"]
[BlackElo "1720"]
[PlyCount "47"]
[EventDate "2023.11.18"]
[WhiteTeam "SK NOVA GORICA"]
[BlackTeam "SD RADOVLJICA"]

1. d4 Nf6 2. c4 e5 3. dxe5 Ng4 4. Nf3 Bc5 5. e3 Nc6 6. Nc3 Ngxe5 7. Nxe5 Nxe5
8. f4 Nc6 9. Bd3 d6 10. O-O a5 11. a3 Ne7 12. Kh1 f5 13. Qh5+ g6 14. Qf3 Bd7
15. b3 Bc6 16. Nd5 Bxd5 17. cxd5 c6 18. dxc6 bxc6 19. Bb2 O-O 20. e4 Qb6 21.
Bc4+ d5 22. exd5 Bd4 23. d6+ Nd5 24. Bxd5+ 1-0

[Event "II. CLANSKA LIGA ZAHOD 2023"]
[Site "Komenda"]
[Date "2023.11.18"]
[Round "2.2"]
[White "Prestrl, Jozef"]
[Black "Herega, Nejc"]
[Result "0-1"]
[WhiteElo "1797"]
[BlackElo "2236"]
[PlyCount "46"]
[EventDate "2023.11.18"]
[WhiteTeam "SD RADOVLJICA"]
[BlackTeam "SK NOVA GORICA"]

1. d4 Nf6 2. c4 g6 3. Nc3 d5 4. e3 Bg7 5. cxd5 Nxd5 6. Nxd5 Qxd5 7. Qf3 Qd6 8.
a3 O-O 9. Bc4 c5 10. dxc5 Qxc5 11. Qe2 Nc6 12. Nf3 Bg4 13. O-O Ne5 14. Bb3
Nxf3+ 15. gxf3 Bh3 16. Kh1 Bxf1 17. Qxf1 Rfd8 18. Qe2 Qh5 19. Kg2 Rac8 20. Bd2
Rc5 21. Bc3 Rg5+ 22. Kh1 Bxc3 23. bxc3 Rd2 0-1

[Event "II. CLANSKA LIGA ZAHOD 2023"]
[Site "Komenda"]
[Date "2023.11.18"]
[Round "2.3"]
[White "Markocic, Tine"]
[Black "Krivec, Metod"]
[Result "1/2-1/2"]
[WhiteElo "2059"]
[BlackElo "1773"]
[PlyCount "60"]
[EventDate "2023.11.18"]
[WhiteTeam "SK NOVA GORICA"]
[BlackTeam "SD RADOVLJICA"]

1. e4 e6 2. Nf3 d5 3. Nc3 Nf6 4. e5 Nfd7 5. d4 Be7 6. Bd3 c5 7. dxc5 Nxc5 8. h4
Nxd3+ 9. cxd3 Nc6 10. Bg5 O-O 11. Bxe7 Qxe7 12. Qd2 Bd7 13. h5 f6 14. d4 fxe5
15. Nxe5 Nxe5 16. dxe5 Rf5 17. f4 Qf7 18. g3 Rxh5 19. O-O-O Rxh1 20. Rxh1 Qg6
21. Qc2 Qxc2+ 22. Kxc2 Rc8 23. Kd2 Be8 24. Ne2 h6 25. Nd4 Bd7 26. g4 Kf7 27.
Ke3 Ke7 28. Rf1 g6 29. Rh1 Rh8 30. Rh2 a6 1/2-1/2

[Event "II. CLANSKA LIGA ZAHOD 2023"]
[Site "Komenda"]
[Date "2023.11.18"]
[Round "2.4"]
[White "Torkar, Boris"]
[Black "Markocic, Spela"]
[Result "1-0"]
[WhiteElo "1783"]
[BlackElo "1810"]
[PlyCount "123"]
[EventDate "2023.11.18"]
[WhiteTeam "SD RADOVLJICA"]
[BlackTeam "SK NOVA GORICA"]

1. d4 Nf6 2. c4 g6 3. Nf3 Bg7 4. e3 d6 5. Be2 Bg4 6. O-O O-O 7. h3 Bxf3 8. Bxf3
Qc8 9. Nc3 c5 10. b3 Na6 11. Bb2 Nc7 12. Rc1 Rb8 13. Qd2 a6 14. Rfd1 Qe6 15.
dxc5 dxc5 16. Qe2 b5 17. Nd5 Ncxd5 18. cxd5 Qb6 19. e4 Rfd8 20. Be5 Rbc8 21.
Bf4 Ne8 22. e5 f6 23. Bg4 f5 24. Bf3 Kh8 25. h4 Qa5 26. h5 Qb4 27. Bg5 Rd7 28.
h6 Bf8 29. d6 e6 30. Qd2 Qa3 31. Rc2 Kg8 32. Qc1 Qb4 33. Qb2 Kf7 34. Rdc1 c4
35. a3 Qa5 36. bxc4 bxc4 37. Rxc4 Rxc4 38. Rxc4 Qe1+ 39. Kh2 Nxd6 40. exd6
Bxd6+ 41. g3 Be5 42. Qe2 Qa5 43. Kg2 Bc7 44. Rc6 Bd6 45. Qxa6 Qxa3 46. Qxa3
Bxa3 47. Rb6 Bd6 48. Rb7 Rxb7 49. Bxb7 Be7 50. Bxe7 Kxe7 51. f4 Kf6 52. Kh3 g5
53. Bc8 e5 54. fxe5+ Kxe5 55. Bd7 g4+ 56. Kh4 f4 57. gxf4+ Kxf4 58. Bxg4 Ke4
59. Kg5 Ke5 60. Bh3 Kd5 61. Kf6 Kd6 62. Bf5 1-0

[Event "II. CLANSKA LIGA ZAHOD 2023"]
[Site "Komenda"]
[Date "2023.11.18"]
[Round "2.5"]
[White "Vicic, Mark"]
[Black "Sandic, Jovica"]
[Result "1-0"]
[WhiteElo "1734"]
[BlackElo "1743"]
[PlyCount "99"]
[EventDate "2023.11.18"]
[WhiteTeam "SK NOVA GORICA"]
[BlackTeam "SD RADOVLJICA"]

1. b3 d5 2. Bb2 Nf6 3. e3 Nc6 4. Nf3 Bg4 5. Be2 Bf5 6. O-O g6 7. c4 Bg7 8. cxd5
Qxd5 9. Nc3 Qd8 10. d4 e6 11. Rc1 O-O 12. h3 Be4 13. Nd2 Bxg2 14. Kxg2 Ne7 15.
Bf3 c6 16. Kh1 Nf5 17. Bg2 Nh4 18. Nf3 Nf5 19. Qd2 Bh6 20. Rfd1 Qe7 21. Ba1
Rad8 22. Qb2 Bg7 23. e4 Nh6 24. d5 Nh5 25. dxc6 bxc6 26. Qc2 Nf4 27. Ne2 Nxe2
28. Qxe2 Bxa1 29. Rxa1 e5 30. Rac1 Rd6 31. Rxd6 Qxd6 32. Qd2 Qxd2 33. Nxd2 Rc8
34. Nc4 f6 35. Bf1 Nf7 36. Na5 c5 37. Nb7 Rc7 38. Nxc5 Ng5 39. Kg2 Nxe4 40.
Bc4+ Kh8 41. Nxe4 Kg7 42. Rd1 h6 43. Be6 f5 44. Rd7+ Rxd7 45. Bxd7 fxe4 46. Bc6
Kf6 47. Bxe4 g5 48. h4 gxh4 49. Kh3 Kg5 50. a4 1-0

[Event "II. CLANSKA LIGA ZAHOD 2023"]
[Site "Komenda"]
[Date "2023.11.18"]
[Round "2.6"]
[White "Bec, Alojz"]
[Black "Herega, Bostjan"]
[Result "1-0"]
[WhiteElo "1853"]
[BlackElo "1355"]
[PlyCount "33"]
[EventDate "2023.11.18"]
[WhiteTeam "SD RADOVLJICA"]
[BlackTeam "SK NOVA GORICA"]

1. e4 g6 2. Nc3 c6 3. Bc4 Bg7 4. Nf3 b5 5. Bb3 Ba6 6. d3 e6 7. Rb1 h5 8. a3 Bb7
9. Be3 d6 10. Qe2 Nd7 11. Bd4 e5 12. Be3 Nh6 13. h3 f6 14. Nh4 Nf8 15. Nxg6
Nxg6 16. Qxh5 Qe7 17. Qxg6+ {nemogoèa poteza, èrni je naredil veliko rokado 
(70)} 1-0

[Event "II. CLANSKA LIGA ZAHOD 2023"]
[Site "Komenda"]
[Date "2023.11.18"]
[Round "2.1"]
[White "Marchesich, Giovanni"]
[Black "Bobnar, Samo"]
[Result "1-0"]
[WhiteElo "2197"]
[BlackElo "1853"]
[PlyCount "101"]
[EventDate "2023.11.18"]
[WhiteTeam "SD PIRAN"]
[BlackTeam "DRUSTVO TOMO ZUPAN"]

1. e4 d5 2. exd5 Nf6 3. Bb5+ Bd7 4. Be2 Nxd5 5. d4 Bf5 6. Nf3 e6 7. O-O Be7 8.
a3 O-O 9. c4 Nb6 10. Nc3 Nc6 11. Be3 Bf6 12. b4 Bg4 13. c5 Nd5 14. Ne4 Nce7 15.
Nfd2 Bxe2 16. Qxe2 Nf5 17. Nf3 Qd7 18. g4 Bxd4 19. Bxd4 Nxd4 20. Nxd4 Nf4 21.
Qe3 Qxd4 22. Qxf4 f5 23. Rae1 fxe4 24. Qxe4 Qxe4 25. Rxe4 Rfe8 26. Rd1 Kf7 27.
Red4 Re7 28. Kg2 g5 29. Kf3 Rf8 30. Rd8 Rxd8 31. Rxd8 e5 32. Ke4 h6 33. b5 Kg6
34. Ra8 b6 35. Rxa7 Rf7 36. cxb6 Rf4+ 37. Ke3 cxb6 38. f3 Rc4 39. Ra6 Kg7 40.
Rxb6 Rc3+ 41. Ke4 Rxa3 42. Re6 Rb3 43. Rxe5 Kf6 44. Rc5 Kg7 45. Rf5 Kg6 46. Kd4
h5 47. h3 h4 48. Kc5 Rb1 49. b6 Rc1+ 50. Kd6 Rd1+ 51. Kc6 1-0

[Event "II. CLANSKA LIGA ZAHOD 2023"]
[Site "Komenda"]
[Date "2023.11.18"]
[Round "2.2"]
[White "Logar, Metod"]
[Black "Bulic, Josip"]
[Result "0-1"]
[WhiteElo "1989"]
[BlackElo "2236"]
[PlyCount "114"]
[EventDate "2023.11.18"]
[WhiteTeam "DRUSTVO TOMO ZUPAN"]
[BlackTeam "SD PIRAN"]

1. e4 Nf6 2. e5 Nd5 3. d4 d6 4. Nf3 Bg4 5. Be2 e6 6. c4 Nb6 7. exd6 cxd6 8. Nc3
Be7 9. Be3 N8d7 10. b3 h6 11. Qd2 Nf6 12. Rc1 O-O 13. h3 Bh5 14. O-O d5 15. c5
Nbd7 16. b4 Ne4 17. Nxe4 dxe4 18. Ne5 Nxe5 19. Bxh5 Nd3 20. Rcd1 a5 21. b5 Nb4
22. Be2 Nd5 23. f3 exf3 24. Bxf3 Qd7 25. a4 Rfd8 26. Be4 f5 27. Bc2 Bf6 28. Bf2
Kh8 29. Kh1 Bg5 30. Qe1 Re8 31. Bb3 Nf6 32. Qe5 Ne4 33. d5 exd5 34. Qxd5 Qxd5
35. Bxd5 Rad8 36. Rd3 Nxf2+ 37. Rxf2 Re5 38. Bc4 Rxc5 39. Rxd8+ Bxd8 40. Bd3 g6
41. Rc2 Rd5 42. Be2 b6 43. Rc6 Kg7 44. Kg1 Be7 45. Rc4 Bc5+ 46. Kf1 Kf6 47. g4
Rd2 48. Ke1 Ra2 49. gxf5 gxf5 50. Bd1 Kg5 51. h4+ Kf6 52. Kf1 Ke5 53. Be2 f4
54. Bd3 f3 55. Re4+ Kd6 56. Ke1 f2+ 57. Kf1 Ra1+ 0-1

[Event "II. CLANSKA LIGA ZAHOD 2023"]
[Site "Komenda"]
[Date "2023.11.18"]
[Round "2.3"]
[White "Babnik, Igor"]
[Black "Demsar, Maks"]
[Result "0-1"]
[WhiteElo "2185"]
[BlackElo "1532"]
[PlyCount "50"]
[EventDate "2023.11.18"]
[WhiteTeam "SD PIRAN"]
[BlackTeam "DRUSTVO TOMO ZUPAN"]

1. f4 d5 2. c4 d4 3. e4 e5 4. Nf3 exf4 5. d3 g5 6. Be2 Bb4+ 7. Kf1 a5 8. b3 Nc6
9. Bb2 Nh6 10. Na3 Bxa3 11. Bxa3 Ng4 12. Qd2 Ne3+ 13. Kg1 g4 14. Ne1 Ne5 15.
Nc2 f3 16. Bf1 Qg5 17. Nxd4 g3 18. hxg3 N3g4 19. Rd1 f2+ 20. Qxf2 Nxf2 21. Kxf2
Ng4+ 22. Ke1 Qe3+ 23. Ne2 Nf2 24. Bc1 Nxd3+ 25. Rxd3 Qxd3 0-1

[Event "II. CLANSKA LIGA ZAHOD 2023"]
[Site "Komenda"]
[Date "2023.11.18"]
[Round "2.4"]
[White "Smirnov, Maksim"]
[Black "Suc, Timothy"]
[Result "1/2-1/2"]
[WhiteElo "1491"]
[BlackElo "2030"]
[PlyCount "69"]
[EventDate "2023.11.18"]
[WhiteTeam "DRUSTVO TOMO ZUPAN"]
[BlackTeam "SD PIRAN"]

1. d4 d5 2. Bf4 c5 3. e3 Nc6 4. c3 Nf6 5. Nf3 Qb6 6. Qc2 cxd4 7. exd4 Bf5 8.
Qb3 Qxb3 9. axb3 e6 10. Nbd2 Nh5 11. Bg5 h6 12. Bh4 g5 13. Bg3 Nxg3 14. hxg3 f6
15. b4 Bd6 16. Be2 Kf7 17. g4 Bg6 18. O-O h5 19. gxh5 Bxh5 20. g3 Bg6 21. Kg2
a5 22. bxa5 Nxa5 23. Rh1 Rhc8 24. Bb5 Nc6 25. Rhe1 Bf5 26. Nh2 Rh8 27. Nhf3
Rhc8 28. Nh2 Rh8 29. Nhf3 Rhb8 30. Rh1 Na7 31. Be2 Nc6 32. Bb5 Na7 33. Be2 Nc6
34. Bb5 Na7 35. Be2 1/2-1/2

[Event "II. CLANSKA LIGA ZAHOD 2023"]
[Site "Komenda"]
[Date "2023.11.18"]
[Round "2.5"]
[White "Debevec, Katarina"]
[Black "Rogelj, Tomaz"]
[Result "1/2-1/2"]
[WhiteElo "1335"]
[BlackElo "1765"]
[PlyCount "60"]
[EventDate "2023.11.18"]
[WhiteTeam "SD PIRAN"]
[BlackTeam "DRUSTVO TOMO ZUPAN"]

1. d4 Nf6 2. c4 e6 3. Nc3 d5 4. e3 c5 5. Nf3 Nc6 6. Be2 Be7 7. O-O O-O 8. b3 b6
9. Bb2 Bb7 10. Rb1 Rc8 11. Qc2 Nb4 12. Qd1 dxc4 13. bxc4 Ne4 14. a3 Nxc3 15.
Bxc3 Nc6 16. Rb3 Qc7 17. Qa1 Bf6 18. dxc5 Bxc3 19. Qxc3 bxc5 20. Rd1 Rfd8 21.
Rbb1 Rxd1+ 22. Rxd1 Rd8 23. Rxd8+ Qxd8 24. Bd3 Ne7 25. Ne1 Qd6 26. f3 Ng6 27.
Qb2 Qb6 28. Qc3 Qd6 29. Qb3 Qb6 30. Qc3 Qd6 1/2-1/2

[Event "II. CLANSKA LIGA ZAHOD 2023"]
[Site "Komenda"]
[Date "2023.11.18"]
[Round "2.6"]
[White "Bobnar, Vid"]
[Black "Goja, Matias"]
[Result "1-0"]
[WhiteElo "1835"]
[BlackElo "1575"]
[PlyCount "53"]
[EventDate "2023.11.18"]
[WhiteTeam "DRUSTVO TOMO ZUPAN"]
[BlackTeam "SD PIRAN"]

1. e4 e6 2. d4 d5 3. exd5 exd5 4. Nf3 Nf6 5. h3 Be7 6. Bd3 O-O 7. O-O c5 8.
dxc5 Bxc5 9. Bg5 Nc6 10. Nc3 Be6 11. a3 Be7 12. Re1 Re8 13. Rb1 Nd7 14. Bf4 Qb6
15. Ng5 Bxg5 16. Bxg5 h6 17. Bd2 Nce5 18. Be3 d4 19. Bxd4 Qc7 20. Bb5 Nc6 21.
Be3 a6 22. Bd3 Kh8 23. Qh5 Nf6 24. Qh4 Rad8 25. Bxh6 gxh6 26. Qxf6+ Kg8 27. Re3
1-0

[Event "II. CLANSKA LIGA ZAHOD 2023"]
[Site "Komenda"]
[Date "2023.11.19"]
[Round "4.1"]
[White "Vogrin, Aljaz"]
[Black "Jovanovic, Zoran"]
[Result "0-1"]
[WhiteElo "1633"]
[BlackElo "2506"]
[PlyCount "110"]
[EventDate "2023.11.19"]
[WhiteTeam "SD VRHNIKA"]
[BlackTeam "SD POSOCJE"]

1. d4 d6 2. e4 Nf6 3. Nc3 e5 4. dxe5 dxe5 5. Qxd8+ Kxd8 6. Bc4 Ke8 7. Nf3 Bd6
8. O-O c6 9. a4 Nbd7 10. a5 h6 11. h3 Ke7 12. Be3 Bb4 13. Nd2 Rd8 14. f3 Bc5
15. Rfe1 Bxe3+ 16. Rxe3 Nc5 17. Nb3 Nxb3 18. Bxb3 Bd7 19. Na4 b6 20. axb6 axb6
21. Rd1 Rdb8 22. Red3 Be8 23. g3 Nd7 24. Kf2 b5 25. Nc3 Nc5 26. R3d2 Rb7 27.
Ke3 Rd7 28. Nb1 Ra1 29. Nc3 Rda7 30. Rxa1 Rxa1 31. Rd1 Ra7 32. Ne2 Bd7 33. g4
g6 34. f4 Nxb3 35. cxb3 Ra2 36. Rd2 exf4+ 37. Nxf4 Ra1 38. Kf3 Rf1+ 39. Kg3 Re1
40. Kf3 Rh1 41. Kg2 Rb1 42. Ne2 b4 43. Nf4 Be6 44. Nxe6 Kxe6 45. Kf3 Rh1 46.
Kg2 Rc1 47. Kf3 Ke5 48. Rd8 Rc2 49. Re8+ Kd6 50. Rd8+ Kc5 51. Rd7 Rxb2 52. Rxf7
Rxb3+ 53. Kg2 Re3 54. Rh7 Rxe4 55. Rxh6 b3 0-1

[Event "II. CLANSKA LIGA ZAHOD 2023"]
[Site "Komenda"]
[Date "2023.11.19"]
[Round "4.2"]
[White "Srebrnic, Marko"]
[Black "Redek, Leon"]
[Result "1-0"]
[WhiteElo "2366"]
[BlackElo "1551"]
[PlyCount "67"]
[EventDate "2023.11.19"]
[WhiteTeam "SD POSOCJE"]
[BlackTeam "SD VRHNIKA"]

1. Nf3 d5 2. b3 c5 3. Bb2 Nf6 4. e3 Nc6 5. Bb5 Bd7 6. O-O e6 7. d3 Be7 8. Nbd2
O-O 9. h3 a6 10. Bxc6 Bxc6 11. Ne5 Rc8 12. f4 Nd7 13. Nxd7 Bxd7 14. Nf3 Bf6 15.
Bxf6 Qxf6 16. a3 Qe7 17. Qd2 f6 18. Rae1 e5 19. fxe5 fxe5 20. e4 d4 21. Nh2 Qh4
22. Rf3 Rxf3 23. Nxf3 Qh5 24. Qe2 Rf8 25. Nxd4 Qg6 26. Nf5 Bxf5 27. exf5 Qxf5
28. Qxe5 Qf2+ 29. Kh2 Qxc2 30. Qd5+ Kh8 31. Qf7 Qxg2+ 32. Kxg2 Rxf7 33. Re8+
Rf8 34. Rxf8# 1-0

[Event "II. CLANSKA LIGA ZAHOD 2023"]
[Site "Komenda"]
[Date "2023.11.19"]
[Round "4.3"]
[White "Zlindra, Aljaz"]
[Black "Biti, Ozren"]
[Result "0-1"]
[WhiteElo "1376"]
[BlackElo "2305"]
[PlyCount "118"]
[EventDate "2023.11.19"]
[WhiteTeam "SD VRHNIKA"]
[BlackTeam "SD POSOCJE"]

1. e4 d6 2. d4 Nf6 3. Nc3 e5 4. dxe5 dxe5 5. Qxd8+ Kxd8 6. Bc4 Ke8 7. f3 c6 8.
Be3 Nbd7 9. Nge2 Nb6 10. Bb3 Nfd7 11. a3 a5 12. Kf2 Bc5 13. Nd1 Ke7 14. Nec3
Rd8 15. Ke2 g6 16. g4 Bxe3 17. Nxe3 Nc5 18. Ba2 Rd4 19. Rhd1 Be6 20. Bxe6 Nxe6
21. b3 h5 22. gxh5 Nf4+ 23. Kf2 Nxh5 24. Ne2 Rxd1 25. Rxd1 Ke6 26. c4 Nd7 27.
Nc2 Ke7 28. Rb1 Kd6 29. Ne1 Nc5 30. Ke3 Kc7 31. Nd3 Nxd3 32. Kxd3 Rd8+ 33. Ke3
Rh8 34. Rb2 Ng7 35. Nc1 Ne6 36. Nd3 f6 37. Rg2 g5 38. Rb2 Rh3 39. b4 axb4 40.
axb4 Nd4 41. Rf2 g4 42. Ne1 gxf3 43. Kd3 Kd7 44. Nc2 Nxc2 45. Kxc2 Ke6 46. Kd3
f5 47. b5 f4 48. Kc3 c5 49. Kb3 b6 50. Kc3 Kf6 51. Kd3 Kg5 52. Kd2 Rh8 53. Kc3
Kg4 54. Rd2 Ra8 55. Kb2 Ra4 56. Rc2 Kh3 57. Kb3 Ra1 58. Rf2 Kg4 59. Kc3 Re1 0-1

[Event "II. CLANSKA LIGA ZAHOD 2023"]
[Site "Komenda"]
[Date "2023.11.19"]
[Round "4.4"]
[White "Beletic, Danijel"]
[Black "Sever, Gasper"]
[Result "1-0"]
[WhiteElo "2243"]
[BlackElo "1406"]
[PlyCount "49"]
[EventDate "2023.11.19"]
[WhiteTeam "SD POSOCJE"]
[BlackTeam "SD VRHNIKA"]

1. d4 Nf6 2. c4 e5 3. dxe5 Ng4 4. Nf3 Nc6 5. e3 Ngxe5 6. Nxe5 Nxe5 7. Be2 Be7
8. Nc3 O-O 9. O-O a5 10. Nd5 f5 11. Bd2 Ra6 12. Bc3 Ng6 13. c5 Ra8 14. Bc4 Kh8
15. Qd4 Bf6 16. Nxf6 Qxf6 17. Qxf6 gxf6 18. f4 b6 19. cxb6 cxb6 20. Rad1 Ra7
21. Rd6 Kg7 22. Rxb6 Rc7 23. Bb5 Ne7 24. Rd6 Nc6 25. Rf3 1-0

[Event "II. CLANSKA LIGA ZAHOD 2023"]
[Site "Komenda"]
[Date "2023.11.19"]
[Round "4.5"]
[White "Petek, Val"]
[Black "Hozjan, Erik"]
[Result "0-1"]
[WhiteElo "1000"]
[BlackElo "1899"]
[PlyCount "74"]
[EventDate "2023.11.19"]
[WhiteTeam "SD VRHNIKA"]
[BlackTeam "SD POSOCJE"]

1. d4 f5 2. c4 Nf6 3. Nc3 e6 4. g3 Bb4 5. Bg2 O-O 6. e3 d6 7. Nge2 Nc6 8. a3
Bxc3+ 9. Nxc3 e5 10. dxe5 dxe5 11. Bxc6 bxc6 12. Qxd8 Rxd8 13. b4 Be6 14. c5 a5
15. Bb2 axb4 16. axb4 Rxa1+ 17. Bxa1 Bc4 18. f3 e4 19. fxe4 Ng4 20. Nd1 fxe4
21. Bd4 Rb8 22. Kd2 Bb3 23. Kc3 Be6 24. h3 Nh6 25. Nf2 Ra8 26. Nxe4 Bd5 27. Kd3
Ra3+ 28. Bc3 Bxe4+ 29. Kxe4 Rxc3 30. Rd1 Rc4+ 31. Rd4 Rxd4+ 32. Kxd4 Kf7 33. g4
Ke6 34. Kc4 Nf7 35. b5 Ne5+ 36. Kb4 cxb5 37. Kxb5 Kd5 0-1

[Event "II. CLANSKA LIGA ZAHOD 2023"]
[Site "Komenda"]
[Date "2023.11.19"]
[Round "4.6"]
[White "Rutar, Ales"]
[Black "Cepeljnik, Ziga"]
[Result "1-0"]
[WhiteElo "1350"]
[BlackElo "1000"]
[PlyCount "25"]
[EventDate "2023.11.19"]
[WhiteTeam "SD POSOCJE"]
[BlackTeam "SD VRHNIKA"]

1. e4 e5 2. Nf3 Nc6 3. Bc4 Nf6 4. Nc3 Nxe4 5. Bxf7+ Kxf7 6. Nxe4 d5 7. Neg5+
Kg8 8. d3 Bg4 9. h3 Bd7 10. Nh2 Bc5 11. Qf3 Qf8 12. Qxd5+ Qf7 13. Qxf7# 1-0

[Event "II. CLANSKA LIGA ZAHOD 2023"]
[Site "Komenda"]
[Date "2023.11.19"]
[Round "4.1"]
[White "Zamar Kodelja, Jurij"]
[Black "Ogradi, Gregor"]
[Result "1-0"]
[WhiteElo "2245"]
[BlackElo "1958"]
[PlyCount "71"]
[EventDate "2023.11.19"]
[WhiteTeam "SK NOVA GORICA"]
[BlackTeam "SK KOMENDA"]

1. d4 d6 2. Nf3 Nf6 3. c4 g6 4. Nc3 Bg7 5. g3 O-O 6. Bg2 c6 7. O-O Qa5 8. d5
cxd5 9. cxd5 Nbd7 10. Nd4 Qb6 11. Nb3 Ne5 12. Be3 Qd8 13. Bd4 Bd7 14. Nd2 b6
15. f4 Neg4 16. Nf3 Nh6 17. e4 Bg4 18. h3 Bxf3 19. Bxf3 Nd7 20. Bxg7 Kxg7 21.
Qd4+ f6 22. Rac1 Rc8 23. Be2 Qc7 24. Ba6 Qc5 25. Qxc5 Rxc5 26. b4 Rc7 27. Nb5
Rxc1 28. Rxc1 Nb8 29. Bb7 Rd8 30. Nd4 Kf7 31. Ne6 Rh8 32. Rc7 g5 33. f5 Rg8 34.
b5 Ke8 35. Bc6+ Kf7 36. Rxa7 1-0